000 00423nam a2200181Ia 4500
008 151202s9999||||xx |||||||||||||| ||und||
082 _bPNVM-41583
100 _aMARGARET MITCHELL.
245 _aLOST LAYSEN.
260 _bORION BOOKS LTD.
260 _c0
300 _a127
600 _aMARGARET MITCHELL.
630 _aLOST LAYSEN.
700 _aMARGARET MITCHELL.
730 _aLOST LAYSEN.
942 _cBOOK
999 _c1307535
_d1307532